000 00458nam a22001577a 4500
008 250303b |||||||| |||| 00| 0 eng d
020 _a9789937240697
082 _223rd.
_a539.12
_bJ559t
100 1 _aJha, Vanay Kumar
245 _aTheoretical principles of molecular spectroscopy /
_cVinay Kumar Jha.
260 _aKathmandu :
_bBandana Jha,
_c2011.
300 _a202p. : ill.
650 _aMoleculars physics
650 _aPhysics
942 _2ddc
_cISBN
999 _c120574
_d120562